[Event "FIDE Open World Blitz 2021"]
[Site "Warsaw"]
[Date "2021.12.30"]
[Round "21.2"]
[White "Duda, Jan-Krzysztof"]
[Black "Artemiev, Vladislav"]
[Result "1-0"]
[WhiteElo "2756"]
[BlackElo "2699"]
[Annotator "ChessBase"]
[PlyCount "59"]
[EventDate "2021.12.29"]
[EventType "swiss"]
[EventCountry "POL"]
[Tiebreak "Cut1 Buchholz"]
[SourceTitle "playchess.com"]
[Source "ChessBase"]
[SourceQuality "1"]

1. d4 d5 2. c4 e6 3. Nf3 Nf6 4. Nc3 Nbd7 5. Qc2 Be7 6. Bf4 c6 7. e3 O-O 8. h3
b6 9. cxd5 cxd5 10. Bd3 Bb7 11. O-O Rc8 12. Rfc1 Ne4 13. Bxe4 dxe4 14. Nd2 Nf6
15. Be5 Nd7 16. Bg3 Nf6 17. Qb3 Qd7 18. Be5 Nd5 19. Ncxe4 Nb4 20. Rc3 Bd5 21.
Qd1 Nxa2 22. Rxc8 Rxc8 23. Qg4 g6 24. Nf6+ Bxf6 25. Bxf6 Nb4 26. e4 Bc6 27. Qf4
Qe8 28. Rxa7 Qf8 29. Be7 Nd3 30. Qe3 1-0

[Event "FIDE Open World Blitz 2021"]
[Site "Warsaw"]
[Date "2021.12.30"]
[Round "21.2"]
[White "Halkias, Stelios"]
[Black "Kosakowski, Jakub"]
[Result "0-1"]
[WhiteElo "2575"]
[BlackElo "2340"]
[Annotator "ChessBase"]
[PlyCount "87"]
[EventDate "2021.12.29"]
[EventType "swiss"]
[EventCountry "POL"]
[Tiebreak "Cut1 Buchholz"]
[SourceTitle "playchess.com"]
[Source "ChessBase"]
[SourceQuality "1"]

1. Nf3 Nf6 2. c4 e6 3. g3 d5 4. d4 Bb4+ 5. Nbd2 dxc4 6. a3 Be7 7. Nxc4 a5 8.
Bg2 b5 9. Nce5 O-O 10. Ng5 Ra6 11. O-O h6 12. Ngf3 Bb7 13. Qd3 Rb6 14. Bd2 Be4
15. Qe3 b4 16. axb4 axb4 17. Rfc1 Qc8 18. Nd3 Nbd7 19. Nc5 Nxc5 20. dxc5 Rb8
21. Ne5 Bxg2 22. Kxg2 Ra8 23. Rxa8 Qxa8+ 24. Qf3 Nd5 25. e4 Nf6 26. Bxb4 Nxe4
27. Ba3 f5 28. Ng6 Re8 29. Nxe7+ Rxe7 30. c6 Re8 31. Kg1 Rd8 32. h4 Qa4 33. Qf4
Rd1+ 34. Rxd1 Qxd1+ 35. Kg2 Qd5 36. f3 Nf6 37. Qxc7 Qd2+ 38. Kg1 Qe1+ 39. Kg2
Qe2+ 40. Kg1 Qe1+ 41. Kg2 Qe2+ 42. Kg1 Nd5 43. Qc8+ Kh7 44. Bc5 0-1

[Event "FIDE Open World Blitz 2021"]
[Site "Warsaw"]
[Date "2021.12.30"]
[Round "21.3"]
[White "Firouzja, Alireza"]
[Black "Aronian, Levon"]
[Result "1-0"]
[WhiteElo "2770"]
[BlackElo "2782"]
[Annotator "TA"]
[PlyCount "95"]
[EventDate "2021.12.29"]
[EventType "swiss"]
[EventCountry "POL"]
[Tiebreak "Cut1 Buchholz"]
[SourceTitle "playchess.com"]
[Source "ChessBase"]
[SourceQuality "1"]

1. e4 e5 2. Nf3 Nc6 3. Bc4 Bc5 4. c3 Nf6 5. d3 O-O 6. O-O d5 7. exd5 Nxd5 8.
Re1 Bg4 9. a4 a5 10. h3 Bh5 11. Nbd2 Nb6 12. Bb3 Qxd3 13. Nxe5 Qf5 14. Nef3
Rad8 15. Qe2 Qc8 16. Ne4 Be7 17. Bf4 Rfe8 18. Qb5 Bg6 19. Neg5 Bf6 20. Nh4 Bxg5
21. Qxg5 Be4 22. Rad1 Rxd1 23. Rxd1 Nd7 24. Nf5 Bxf5 25. Qxf5 Nf6 26. Qb5 h6
27. Bc2 Re6 28. Bf5 Ne7 29. Bxe6 Qxe6 30. Qxb7 c6 31. b4 Ned5 32. Qb8+ Kh7 33.
Qe5 Qc8 34. bxa5 Qa6 35. Bd2 Qxa5 36. Qd4 c5 37. Qd3+ Kg8 38. Qb5 Qc7 39. Re1
g5 40. a5 Kg7 41. a6 c4 42. Qb7 Qd6 43. a7 Nc7 44. Be3 Nfd5 45. Bd4+ Kg6 46.
a8=Q Nxa8 47. Qxa8 f6 48. Qe8+ 1-0

[Event "FIDE Open World Blitz 2021"]
[Site "Warsaw"]
[Date "2021.12.30"]
[Round "21.3"]
[White "Faizrakhmanov, Ramil"]
[Black "Narayanan.S.L"]
[Result "1/2-1/2"]
[WhiteElo "2396"]
[BlackElo "2570"]
[Annotator "ChessBase"]
[PlyCount "31"]
[EventDate "2021.12.29"]
[EventType "swiss"]
[EventCountry "POL"]
[Tiebreak "Cut1 Buchholz"]
[SourceTitle "playchess.com"]
[Source "ChessBase"]
[SourceQuality "1"]

1. d4 Nf6 2. c4 e6 3. Nf3 d5 4. Nc3 Bb4 5. Qa4+ Nc6 6. e3 O-O 7. Qc2 Re8 8. Bd2
Bf8 9. Rd1 e5 10. cxd5 Nxd4 11. exd4 exd4+ 12. Ne2 c5 13. dxc6 bxc6 14. Qxc6
Bf5 15. Qb5 Bc2 16. Ba5 1/2-1/2

[Event "FIDE Open World Blitz 2021"]
[Site "Warsaw"]
[Date "2021.12.30"]
[Round "21.4"]
[White "Dubov, Daniil"]
[Black "Giri, Anish"]
[Result "1/2-1/2"]
[WhiteElo "2714"]
[BlackElo "2774"]
[Annotator "TA"]
[PlyCount "35"]
[EventDate "2021.12.29"]
[EventType "swiss"]
[EventCountry "POL"]
[Tiebreak "Cut1 Buchholz"]
[SourceTitle "playchess.com"]
[Source "ChessBase"]
[SourceQuality "1"]

1. d4 Nf6 2. Nf3 d5 3. c4 e6 4. g3 Be7 5. Bg2 O-O 6. O-O dxc4 7. Qc2 a6 8. a4
Bd7 9. Qxc4 Bc6 10. Bg5 Nbd7 11. Rd1 h6 12. Bxf6 Nxf6 13. Nbd2 a5 14. Qd3 Bb4
15. e4 Qe7 16. Ne5 Bd7 17. Ndc4 Rfd8 18. Qe3 1/2-1/2

[Event "FIDE Open World Blitz 2021"]
[Site "Warsaw"]
[Date "2021.12.30"]
[Round "21.4"]
[White "Saraci, Nderim"]
[Black "Chigaev, Maksim"]
[Result "1-0"]
[WhiteElo "2486"]
[BlackElo "2626"]
[Annotator "ChessBase"]
[PlyCount "137"]
[EventDate "2021.12.29"]
[EventType "swiss"]
[EventCountry "POL"]
[Tiebreak "Cut1 Buchholz"]
[SourceTitle "playchess.com"]
[Source "ChessBase"]
[SourceQuality "1"]

1. Nf3 g6 2. d4 Bg7 3. g3 Nf6 4. Bg2 O-O 5. O-O d6 6. c4 c5 7. Nc3 Nc6 8. dxc5
dxc5 9. Be3 b6 10. Qc1 Bb7 11. Rd1 Qc8 12. Bh6 Rd8 13. Bxg7 Rxd1+ 14. Nxd1 Kxg7
15. Nc3 Qe6 16. b3 Rd8 17. Qb2 Kg8 18. Rd1 Rxd1+ 19. Nxd1 Ne4 20. Ne3 Qd6 21.
h4 h5 22. Nd5 Nf6 23. Ng5 Nd4 24. e3 Bxd5 25. cxd5 Nf5 26. Ne4 Nxe4 27. Bxe4
Nh6 28. Bf3 e5 29. dxe6 Qxe6 30. Qd2 Nf5 31. Kg2 a5 32. Qd8+ Kg7 33. Qd2 Qf6
34. Be4 Nd6 35. Bd5 Nb5 36. Bc4 Nc3 37. a4 Ne4 38. Qc2 Nd6 39. Qd3 Qe5 40. Bd5
Kf6 41. Bf3 Kg7 42. Bd5 Ne8 43. Bc4 Nf6 44. Qe2 Ne4 45. Qd3 Nd6 46. Qd5 Qxd5+
47. Bxd5 Kf6 48. f4 Ke7 49. e4 f6 50. Kf3 b5 51. e5 fxe5 52. fxe5 bxa4 53. bxa4
Nc8 54. Kf4 Nb6 55. Bb3 c4 56. Bc2 Nd5+ 57. Kg5 Ne3 58. Bxg6 Ke6 59. Kxh5 Kxe5
60. Kg5 c3 61. h5 Nf1 62. g4 Nd2 63. Bc2 Nf3+ 64. Kg6 Nh4+ 65. Kg5 Nf3+ 66. Kg6
Nh4+ 67. Kg7 Kf4 68. h6 Kxg4 69. h7 1-0

[Event "FIDE Open World Blitz 2021"]
[Site "Warsaw"]
[Date "2021.12.30"]
[Round "21.5"]
[White "Grischuk, Alexander"]
[Black "Kravtsiv, Martyn"]
[Result "1/2-1/2"]
[WhiteElo "2773"]
[BlackElo "2616"]
[Annotator "TA"]
[PlyCount "74"]
[EventDate "2021.12.29"]
[EventType "swiss"]
[EventCountry "POL"]
[Tiebreak "Cut1 Buchholz"]
[SourceTitle "playchess.com"]
[Source "ChessBase"]
[SourceQuality "1"]

1. e4 e5 2. Nf3 Nc6 3. Bb5 a6 4. Ba4 Nf6 5. O-O Be7 6. d3 b5 7. Bb3 d6 8. a4 b4
9. Nbd2 Na5 10. Ba2 O-O 11. Re1 Rb8 12. c3 c5 13. d4 exd4 14. cxd4 Bb7 15. h3
b3 16. Nxb3 Nxb3 17. Bxb3 Bxe4 18. dxc5 dxc5 19. Bc4 Qxd1 20. Rxd1 a5 21. Ne5
Rbd8 22. Bd2 Bc2 23. Nc6 Bxd1 24. Nxe7+ Kh8 25. Rxd1 Rd4 26. Be2 Re4 27. Be3
Rxe7 28. Bxc5 Rxe2 29. Bxf8 Rxb2 30. Rd8 Rb1+ 31. Kh2 h5 32. Bb4+ Kh7 33. Bxa5
Ne4 34. f3 Nf2 35. Rd2 Nd1 36. Re2 Ra1 37. Bb4 Rxa4 1/2-1/2

[Event "FIDE Open World Blitz 2021"]
[Site "Warsaw"]
[Date "2021.12.30"]
[Round "21.5"]
[White "Shoker, Samy"]
[Black "Nguyen, Thai Dai Van"]
[Result "1-0"]
[WhiteElo "2504"]
[BlackElo "2594"]
[Annotator "ChessBase"]
[PlyCount "89"]
[EventDate "2021.12.29"]
[EventType "swiss"]
[EventCountry "POL"]
[Tiebreak "Cut1 Buchholz"]
[SourceTitle "playchess.com"]
[Source "ChessBase"]
[SourceQuality "1"]

1. c4 e6 2. Nf3 d5 3. b3 Nf6 4. Bb2 Be7 5. g3 O-O 6. Bg2 c5 7. e3 Nc6 8. O-O d4
9. exd4 cxd4 10. Re1 a5 11. Na3 Bc5 12. Nb5 Re8 13. Ne5 Nxe5 14. Rxe5 Nd7 15.
Rxc5 Nxc5 16. Bxd4 Nd3 17. Be4 e5 18. Be3 Nb4 19. Qf3 Qe7 20. a3 Na6 21. Re1
Bd7 22. Bxb7 e4 23. Qh5 Bg4 24. Qxg4 Qxb7 25. Nd6 Qxb3 26. Nxe8 Rxe8 27. Bd4 g6
28. Qg5 Qf3 29. Qxa5 Nb8 30. Qb5 Rf8 31. Qe5 f6 32. Qd5+ Kg7 33. Qxe4 Qb3 34.
Bc3 Nd7 35. g4 h6 36. h4 Qb8 37. g5 hxg5 38. hxg5 Rf7 39. a4 Qd6 40. a5 Qc5 41.
gxf6+ Kg8 42. Qd5 Qc8 43. Re7 Ne5 44. Bxe5 Qg4+ 45. Bg3 1-0

[Event "FIDE Open World Blitz 2021"]
[Site "Warsaw"]
[Date "2021.12.30"]
[Round "21.6"]
[White "Mamedyarov, Shakhriyar"]
[Black "Alekseenko, Kirill"]
[Result "1-0"]
[WhiteElo "2765"]
[BlackElo "2710"]
[Annotator "ChessBase"]
[PlyCount "82"]
[EventDate "2021.12.29"]
[EventType "swiss"]
[EventCountry "POL"]
[Tiebreak "Cut1 Buchholz"]
[SourceTitle "playchess.com"]
[Source "ChessBase"]
[SourceQuality "1"]

1. d4 d5 2. c4 dxc4 3. e3 e5 4. Bxc4 Nc6 5. Nf3 e4 6. Qb3 Nh6 7. Nfd2 f5 8. Nc3
Bd6 9. a3 Qd7 10. Qa4 a6 11. Ba2 Nf7 12. f3 exf3 13. Nxf3 O-O 14. O-O Kh8 15.
e4 fxe4 16. Nxe4 Qg4 17. Nxd6 Nxd6 18. Bd2 Bd7 19. Bc3 Rae8 20. Qc2 Bf5 21. Qf2
Ne4 22. Qh4 Qg6 23. Rae1 h6 24. d5 Nxc3 25. bxc3 Nd8 26. Ne5 Qb6+ 27. Kh1 Qb2
28. h3 Qxa2 29. Rxf5 Rxf5 30. Ng6+ Kh7 31. Rxe8 Kxg6 32. Qg4+ Kf7 33. Rxd8 Qb1+
34. Kh2 Qd3 35. Rd7+ Ke8 36. Qxg7 Qe4 37. Rxc7 Qf4+ 38. Qg3 Qxg3+ 39. Kxg3 b5
40. Rc6 Rxd5 41. Rxh6 Ke7 1-0

[Event "FIDE Open World Blitz 2021"]
[Site "Warsaw"]
[Date "2021.12.30"]
[Round "21.6"]
[White "Szpar, Milosz"]
[Black "Suleymanli, Aydin"]
[Result "1/2-1/2"]
[WhiteElo "2285"]
[BlackElo "2541"]
[Annotator "ChessBase"]
[PlyCount "161"]
[EventDate "2021.12.29"]
[EventType "swiss"]
[EventCountry "POL"]
[Tiebreak "Cut1 Buchholz"]
[SourceTitle "playchess.com"]
[Source "ChessBase"]
[SourceQuality "1"]

1. e4 c6 2. d4 d5 3. Nc3 dxe4 4. Nxe4 Bf5 5. Qf3 e6 6. c3 Nd7 7. Ne2 Bxe4 8.
Qxe4 Ngf6 9. Qf3 Qb6 10. g3 Be7 11. Bg2 O-O 12. O-O Qa6 13. Re1 e5 14. Nf4 Bd6
15. dxe5 Nxe5 16. Qe2 Qxe2 17. Rxe2 Rfe8 18. h4 Neg4 19. Bd2 Rxe2 20. Nxe2 Bc5
21. Be1 Re8 22. Bf3 Ne5 23. Kg2 Nd3 24. b4 Bb6 25. c4 h6 26. c5 Bc7 27. Bc3 Ne5
28. Rd1 g5 29. hxg5 hxg5 30. Nd4 g4 31. Be2 Ne4 32. Bb2 a5 33. a3 axb4 34. axb4
Ra8 35. Ra1 Rxa1 36. Bxa1 b6 37. Nb3 bxc5 38. bxc5 f5 39. Bd4 Kf7 40. Be3 Ke6
41. Nd4+ Kf6 42. Nc2 Ba5 43. Bd4 Bc3 44. Be3 Nd7 45. Nd4 Ne5 46. Nb3 Ke6 47.
Bd4 Kd5 48. Be3 Nc4 49. Bh6 Be1 50. f3 Nxg3 51. Bd1 gxf3+ 52. Bxf3+ Ne4 53. Kf1
Bb4 54. Bf8 Ne5 55. Bg2 Nd7 56. Be7 Ndxc5 57. Nc1 Na6 58. Bd8 Bd6 59. Nd3 Nac5
60. Nb4+ Kc4 61. Nxc6 Nd3 62. Ke2 Nf4+ 63. Kf3 Nd2+ 64. Kf2 Bc5+ 65. Kg3 Ne2+
66. Kh4 Bd6 67. Ba5 Nb3 68. Be1 Kd3 69. Kg5 f4 70. Kf5 Ke3 71. Kg4 Nbc1 72. Nb4
Bxb4 73. Bxb4 Nd3 74. Ba5 Ne5+ 75. Kf5 Nc4 76. Bc7 Nd4+ 77. Kg4 f3 78. Bxf3
Nxf3 79. Bb8 Ke4 80. Kg3 Ne3 81. Kf2 1/2-1/2

[Event "FIDE Open World Blitz 2021"]
[Site "Warsaw"]
[Date "2021.12.30"]
[Round "21.7"]
[White "Vastrukhin, Oleg"]
[Black "Mitrabha, Guha"]
[Result "0-1"]
[WhiteElo "2588"]
[BlackElo "2370"]
[Annotator "ChessBase"]
[PlyCount "96"]
[EventDate "2021.12.29"]
[EventType "swiss"]
[EventCountry "POL"]
[Tiebreak "Cut1 Buchholz"]
[SourceTitle "playchess.com"]
[Source "ChessBase"]
[SourceQuality "1"]

1. e4 c6 2. Nc3 d5 3. d4 dxe4 4. Nxe4 Nf6 5. Ng5 h6 6. Nxf7 Kxf7 7. Nf3 Nbd7 8.
Bd3 e6 9. Bd2 Bd6 10. Qe2 Re8 11. Ne5+ Kg8 12. O-O-O Nf8 13. g4 Nd5 14. g5 hxg5
15. Rdg1 Bxe5 16. dxe5 Qe7 17. Rxg5 Qc7 18. Rhg1 Re7 19. h4 c5 20. h5 c4 21.
Bxc4 Bd7 22. Bxd5 exd5 23. Bb4 Rf7 24. h6 Ne6 25. Rg6 Qc4 26. Qxc4 dxc4 27.
hxg7 Rxg7 28. f4 Kh7 29. Rxg7+ Nxg7 30. Be7 Bf5 31. Bf6 Ne6 32. Kd2 Rc8 33. Kc3
Rc7 34. Rh1+ Kg8 35. Rh4 Kf7 36. a4 Ke8 37. a5 Kd7 38. Kb4 b6 39. axb6 axb6 40.
Rh5 Bxc2 41. f5 Nf4 42. e6+ Kc6 43. Rh6 Bxf5 44. e7 Kd7 45. Be5 Nd5+ 46. Kb5
Rc5+ 47. Ka6 Nxe7 48. Bd6 Rc6 0-1

[Event "FIDE Open World Blitz 2021"]
[Site "Warsaw"]
[Date "2021.12.30"]
[Round "21.7"]
[White "Sindarov, Javokhir"]
[Black "Martirosyan, Haik M."]
[Result "1/2-1/2"]
[WhiteElo "2587"]
[BlackElo "2624"]
[Annotator "ChessBase"]
[PlyCount "37"]
[EventDate "2021.12.29"]
[EventType "swiss"]
[EventCountry "POL"]
[Tiebreak "Cut1 Buchholz"]
[SourceTitle "playchess.com"]
[Source "ChessBase"]
[SourceQuality "1"]

1. e4 e5 2. Nf3 Nc6 3. Bc4 Bc5 4. b4 Bxb4 5. c3 Be7 6. d4 Na5 7. Bd3 d6 8. dxe5
dxe5 9. Nxe5 Nf6 10. O-O O-O 11. Qc2 c5 12. Nd2 Qc7 13. Nec4 Nxc4 14. Bxc4 Bd7
15. Re1 Bd6 16. Nf3 Rae8 17. Bg5 Ng4 18. h3 Ne5 19. Nxe5 1/2-1/2

[Event "FIDE Open World Blitz 2021"]
[Site "Warsaw"]
[Date "2021.12.30"]
[Round "21.8"]
[White "Fedoseev, Vladimir"]
[Black "Oparin, Grigoriy"]
[Result "1/2-1/2"]
[WhiteElo "2704"]
[BlackElo "2580"]
[Annotator "ChessBase"]
[PlyCount "134"]
[EventDate "2021.12.29"]
[EventType "swiss"]
[EventCountry "POL"]
[Tiebreak "Cut1 Buchholz"]
[SourceTitle "playchess.com"]
[Source "ChessBase"]
[SourceQuality "1"]

1. e4 e5 2. Nf3 Nc6 3. Bb5 Nf6 4. d3 d6 5. O-O Be7 6. d4 exd4 7. Nxd4 Bd7 8.
Nxc6 bxc6 9. Bd3 O-O 10. h3 Re8 11. Nc3 Bf8 12. Bg5 h6 13. Bh4 Be7 14. Bg3 Rb8
15. Rb1 Nh7 16. e5 Nf8 17. exd6 Bxd6 18. Ne4 Bxg3 19. Nxg3 Be6 20. b3 Qg5 21.
Kh2 Ng6 22. Re1 Nf4 23. Be4 Bd5 24. Qf3 Rbd8 25. Rbd1 Ne6 26. Bxd5 cxd5 27. Nf5
c6 28. c4 dxc4 29. bxc4 c5 30. Rd5 Qf6 31. Qg4 Rb8 32. Re2 Kh7 33. Nd6 Re7 34.
Rf5 Qg6 35. Qxg6+ Kxg6 36. Rxc5 Rd7 37. Rxe6+ fxe6 38. Ne4 Rd4 39. f3 Rb6 40.
a4 Rd1 41. a5 Ra6 42. h4 Ra1 43. h5+ Kf7 44. Rc7+ Kg8 45. c5 R6xa5 46. Kg3 Rc1
47. Kf4 Rb5 48. Ke5 a5 49. Kd6 Rb8 50. Ra7 Rd8+ 51. Kc7 Rd5 52. c6 Rxh5 53. Ra6
Rh2 54. g4 Rh3 55. Kd7 Rxf3 56. c7 Rd3+ 57. Nd6 Rxc7+ 58. Kxc7 Rd4 59. g5 hxg5
60. Rxa5 g4 61. Rg5 Kh7 62. Nf7 Rf4 63. Nd8 Kh6 64. Nxe6 Re4 65. Rxg7 Rxe6 66.
Rxg4 Rg6 67. Rxg6+ Kxg6 1/2-1/2

[Event "FIDE Open World Blitz 2021"]
[Site "Warsaw"]
[Date "2021.12.30"]
[Round "21.8"]
[White "Mikhalevski, Victor"]
[Black "Dziuba, Marcin"]
[Result "1-0"]
[WhiteElo "2577"]
[BlackElo "2568"]
[Annotator "ChessBase"]
[PlyCount "75"]
[EventDate "2021.12.29"]
[EventType "swiss"]
[EventCountry "POL"]
[Tiebreak "Cut1 Buchholz"]
[SourceTitle "playchess.com"]
[Source "ChessBase"]
[SourceQuality "1"]

1. Nf3 Nf6 2. g3 g6 3. b3 Bg7 4. Bb2 O-O 5. Bg2 c5 6. c4 Nc6 7. O-O d5 8. cxd5
Nxd5 9. Bxg7 Kxg7 10. d4 cxd4 11. Nxd4 Ndb4 12. Nxc6 Nxc6 13. Bxc6 bxc6 14.
Qxd8 Rxd8 15. Nc3 Ba6 16. Rfd1 Rd6 17. Kf1 Rad8 18. Ke1 h5 19. h4 c5 20. Rac1
c4 21. b4 e5 22. Rxd6 Rxd6 23. Ne4 Rb6 24. a3 Bb5 25. Nc5 a5 26. a4 axb4 27.
axb5 Rxb5 28. Ne4 c3 29. Nd6 Rd5 30. Ne8+ Kf8 31. Nf6 Rd2 32. Ne4 Rb2 33. Nc5
Ke7 34. Nd3 Ra2 35. Nxb4 Ra3 36. Nd5+ Kd6 37. Nxc3 f5 38. Nb5+ 1-0

[Event "FIDE Open World Blitz 2021"]
[Site "Warsaw"]
[Date "2021.12.30"]
[Round "21.9"]
[White "Ponkratov, Pavel"]
[Black "Puranik, Abhimanyu"]
[Result "1-0"]
[WhiteElo "2662"]
[BlackElo "2604"]
[Annotator "ChessBase"]
[PlyCount "89"]
[EventDate "2021.12.29"]
[EventType "swiss"]
[EventCountry "POL"]
[Tiebreak "Cut1 Buchholz"]
[SourceTitle "playchess.com"]
[Source "ChessBase"]
[SourceQuality "1"]

1. e3 Nf6 2. Nf3 c5 3. d4 e6 4. b3 b6 5. Bb2 Bb7 6. Bd3 d5 7. O-O Be7 8. Ne5
O-O 9. Nd2 Nbd7 10. f4 Ne4 11. dxc5 Ndxc5 12. Ndf3 Rc8 13. Nd4 f6 14. Nef3 Qd7
15. Bb5 Qd6 16. a4 a6 17. Be2 Qd7 18. c4 Rfd8 19. b4 dxc4 20. Bxc4 Bd5 21. Bxd5
Qxd5 22. bxc5 bxc5 23. Ne2 Qc4 24. Qe1 Rb8 25. Bc1 Qc2 26. Ng3 Nc3 27. Bd2 Rb2
28. Rc1 Rxd2 29. Qxd2 Qxd2 30. Nxd2 Na2 31. Nc4 Rb3 32. Ra1 Nb4 33. Rab1 Rc3
34. Rfc1 Rd3 35. Nf1 h5 36. Rd1 Rc3 37. Rd7 Bf8 38. Ncd2 Rc2 39. Ne4 c4 40. Rd8
Nc6 41. Rc8 Ne7 42. Ra8 Ng6 43. Nc5 Kh7 44. Nxe6 Ba3 45. Rb7 1-0

[Event "FIDE Open World Blitz 2021"]
[Site "Warsaw"]
[Date "2021.12.30"]
[Round "21.9"]
[White "Sarana, Alexey"]
[Black "Nihal Sarin"]
[Result "1-0"]
[WhiteElo "2656"]
[BlackElo "2650"]
[Annotator "ChessBase"]
[PlyCount "43"]
[EventDate "2021.12.29"]
[EventType "swiss"]
[EventCountry "POL"]
[Tiebreak "Cut1 Buchholz"]
[SourceTitle "playchess.com"]
[Source "ChessBase"]
[SourceQuality "1"]

1. d4 d5 2. c4 e6 3. Nc3 c5 4. cxd5 exd5 5. Nf3 Nf6 6. Bg5 Be6 7. e4 Be7 8.
Bxf6 Bxf6 9. exd5 Bxd5 10. Bb5+ Nc6 11. dxc5 Bxc3+ 12. bxc3 Qe7+ 13. Qe2 Bxf3
14. gxf3 O-O-O 15. Qxe7 Nxe7 16. Bc4 Rhf8 17. Rd1 Rxd1+ 18. Kxd1 Kc7 19. Re1
Nc6 20. Kc2 f6 21. f4 Rd8 22. h4 1-0

[Event "FIDE Open World Blitz 2021"]
[Site "Warsaw"]
[Date "2021.12.30"]
[Round "21.10"]
[White "Kobalia, Mikhail"]
[Black "Gukesh D"]
[Result "1-0"]
[WhiteElo "2600"]
[BlackElo "2621"]
[Annotator "ChessBase"]
[PlyCount "87"]
[EventDate "2021.12.29"]
[EventType "swiss"]
[EventCountry "POL"]
[Tiebreak "Cut1 Buchholz"]
[SourceTitle "playchess.com"]
[Source "ChessBase"]
[SourceQuality "1"]

1. e4 c6 2. d4 d5 3. exd5 cxd5 4. Bd3 Nf6 5. c3 Bg4 6. Qb3 Qc7 7. Ne2 Bxe2 8.
Bxe2 Nc6 9. Nd2 e6 10. Nf3 Bd6 11. O-O O-O 12. Bd3 Ne4 13. h3 f5 14. Re1 Rab8
15. a4 a6 16. Qd1 h6 17. Qe2 Rbe8 18. c4 Nb4 19. c5 Be7 20. Ne5 Bh4 21. Rf1 Bg5
22. Ra3 Bxc1 23. Rxc1 Nc6 24. Nxc6 Qxc6 25. f3 Nf6 26. b4 Qc7 27. b5 Nh5 28.
Qe5 Qa5 29. Qe1 Qc7 30. Qe5 Qa5 31. Qe1 Qd8 32. Qe5 Qh4 33. c6 bxc6 34. bxc6
Nf4 35. Kh2 Nxg2 36. Rg1 Qe7 37. Rxg2 Rc8 38. Rb3 Rxc6 39. a5 Rf6 40. Rb6 Rc3
41. Bxa6 Rxf3 42. Rb7 Qf8 43. Rbxg7+ Qxg7 44. Qxf6 1-0

[Event "FIDE Open World Blitz 2021"]
[Site "Warsaw"]
[Date "2021.12.30"]
[Round "21.10"]
[White "Kadric, Denis"]
[Black "Demchenko, Anton"]
[Result "0-1"]
[WhiteElo "2566"]
[BlackElo "2655"]
[Annotator "ChessBase"]
[PlyCount "64"]
[EventDate "2021.12.29"]
[EventType "swiss"]
[EventCountry "POL"]
[Tiebreak "Cut1 Buchholz"]
[SourceTitle "playchess.com"]
[Source "ChessBase"]
[SourceQuality "1"]

1. e4 e5 2. Nf3 Nc6 3. Bc4 Nf6 4. d3 h6 5. a4 d6 6. Nc3 g6 7. h3 Bg7 8. Be3 O-O
9. a5 Be6 10. Bxe6 fxe6 11. Ne2 Nh5 12. c3 Qd7 13. O-O g5 14. d4 exd4 15. cxd4
Ne7 16. Ng3 Nxg3 17. fxg3 Qb5 18. Qc2 c6 19. Nd2 Rxf1+ 20. Rxf1 d5 21. Nb3 b6
22. Ra1 Rf8 23. axb6 axb6 24. Ra7 Re8 25. e5 Qc4 26. Qd1 Nf5 27. Bf2 Rf8 28.
Kh2 c5 29. Qh5 Qc2 30. Qg6 Qxf2 31. Qxe6+ Kh8 32. Qxd5 Qe1 0-1

[Event "FIDE Open World Blitz 2021"]
[Site "Warsaw"]
[Date "2021.12.30"]
[Round "21.11"]
[White "Erigaisi Arjun"]
[Black "Dreev, Aleksey"]
[Result "1/2-1/2"]
[WhiteElo "2627"]
[BlackElo "2635"]
[Annotator "ChessBase"]
[PlyCount "126"]
[EventDate "2021.12.29"]
[EventType "swiss"]
[EventCountry "POL"]
[Tiebreak "Cut1 Buchholz"]
[SourceTitle "playchess.com"]
[Source "ChessBase"]
[SourceQuality "1"]

1. c4 c6 2. Nf3 d5 3. e3 Nf6 4. Nc3 e6 5. d4 Nbd7 6. Be2 b6 7. O-O Bb7 8. b3
Bd6 9. Bb2 O-O 10. Bd3 Qe7 11. Re1 Ba3 12. Qc1 Bxb2 13. Qxb2 dxc4 14. Bxc4 c5
15. Be2 Rac8 16. Qa3 a6 17. Rac1 b5 18. Qb2 Bxf3 19. Bxf3 cxd4 20. exd4 Qd6 21.
Rcd1 Rc7 22. d5 e5 23. Qd2 Rfc8 24. Ne4 Nxe4 25. Bxe4 Nf6 26. Bf5 Re8 27. Qe2
Rc5 28. Be4 g6 29. a4 Rd8 30. Bf3 e4 31. Bxe4 Nxe4 32. Qxe4 Rxd5 33. Rxd5 Qxd5
34. Qxd5 Rxd5 35. g3 bxa4 36. bxa4 Rd4 37. Ra1 a5 38. Ra3 Rb4 39. Kg2 Kg7 40.
h4 h6 41. Kf3 h5 42. Kg2 f6 43. Kf3 Kh6 44. Kg2 Rc4 45. Rf3 Kg7 46. Ra3 g5 47.
hxg5 fxg5 48. Ra2 Kg6 49. Ra3 Rb4 50. Ra2 Kf5 51. Ra3 g4 52. Ra1 Kg5 53. Ra2 h4
54. gxh4+ Kxh4 55. Ra3 Rc4 56. Ra2 Kg5 57. Ra3 Kf4 58. Ra2 Rd4 59. Ra3 Rb4 60.
Ra2 Kf5 61. Kg3 Rb3+ 62. Kg2 Rb4 63. Kg3 Rb3+ 1/2-1/2

[Event "FIDE Open World Blitz 2021"]
[Site "Warsaw"]
[Date "2021.12.30"]
[Round "21.11"]
[White "Nasuta, Grzegorz"]
[Black "Dvirnyy, Danyyil"]
[Result "0-1"]
[WhiteElo "2377"]
[BlackElo "2493"]
[Annotator "ChessBase"]
[PlyCount "72"]
[EventDate "2021.12.29"]
[EventType "swiss"]
[EventCountry "POL"]
[Tiebreak "Cut1 Buchholz"]
[SourceTitle "playchess.com"]
[Source "ChessBase"]
[SourceQuality "1"]

1. e4 e5 2. Nf3 Nf6 3. d4 Nxe4 4. dxe5 d5 5. Nbd2 Nc5 6. Be2 Be7 7. O-O O-O 8.
Nb3 Nxb3 9. axb3 Nc6 10. c3 f6 11. exf6 Bxf6 12. Be3 Bf5 13. b4 a6 14. b5 Ne7
15. bxa6 bxa6 16. Nd4 Bc8 17. Bg4 c6 18. Ne6 Bxe6 19. Bxe6+ Kh8 20. Bc5 Re8 21.
Qd3 Ng6 22. Bf7 Ne5 23. Qg3 Nxf7 24. Ra4 Ng5 25. f3 Ne6 26. Bf2 c5 27. Rd1 d4
28. Qg4 a5 29. Qf5 Qb6 30. b4 axb4 31. Rxa8 Rxa8 32. cxb4 cxb4 33. Re1 Nf8 34.
Qd5 Rd8 35. Qb3 Qb5 36. Qf7 b3 0-1

[Event "FIDE Open World Blitz 2021"]
[Site "Warsaw"]
[Date "2021.12.30"]
[Round "21.12"]
[White "Nepomniachtchi, Ian"]
[Black "Salem, A.R. Saleh"]
[Result "1/2-1/2"]
[WhiteElo "2782"]
[BlackElo "2690"]
[Annotator "TA"]
[PlyCount "80"]
[EventDate "2021.12.29"]
[EventType "swiss"]
[EventCountry "POL"]
[Tiebreak "Cut1 Buchholz"]
[SourceTitle "playchess.com"]
[Source "ChessBase"]
[SourceQuality "1"]

1. e4 c5 2. Nf3 Nc6 3. Bb5 e6 4. O-O Nge7 5. Re1 a6 6. Bf1 d5 7. exd5 Nxd5 8.
d4 Nf6 9. Be3 Be7 10. c4 O-O 11. Nc3 cxd4 12. Nxd4 Ne5 13. h3 Bd7 14. Qb3 Qc7
15. Rac1 Rfc8 16. Na4 Bxa4 17. Qxa4 Rd8 18. Red1 Bc5 19. b4 Neg4 20. hxg4 Nxg4
21. Nf3 Bxe3 22. fxe3 Qg3 23. Rxd8+ Rxd8 24. Qc2 h5 25. Qe2 f6 26. c5 Rd5 27.
Qe1 Qc7 28. e4 Rd4 29. Rd1 Rxd1 30. Qxd1 Qf4 31. Qe1 g5 32. a4 h4 33. b5 axb5
34. axb5 Qc7 35. Qc1 Kg7 36. c6 Qb6+ 37. Kh1 Nf2+ 38. Kh2 Ng4+ 39. Kh1 Nf2+ 40.
Kh2 Ng4+ 1/2-1/2